| 000 | 01396cam a22003254a 4500 | ||
|---|---|---|---|
| 001 | 11882677 | ||
| 005 | 20230103185906.0 | ||
| 008 | 000106s2000 dcua b 001 0 eng | ||
| 906 |
_a7 _bcbc _corignew _d1 _eecip _f20 _gy-gencatlg |
||
| 925 | 0 |
_aacquire _b2 shelf copies _xpolicy default |
|
| 955 | _esf04 2001-12-13 to BCCD | ||
| 010 | _a 00008012 | ||
| 020 | _a1559637714 (acidfree paper) | ||
| 020 | _a1559637722 (pbk. : acidfree paper) | ||
| 040 |
_aDLC _cDLC _dDLC |
||
| 042 | _apcc | ||
| 043 | _an-us--- | ||
| 050 | 0 | 0 |
_aHD30.255 _b.H638 2000 |
| 082 | 0 | 0 |
_a658.4/08 _221 |
| 100 | 1 |
_aHoffman, Andrew J., _d1961- |
|
| 245 | 1 | 0 |
_aCompetitive environmental strategy : _ba guide to the changing business landscape / _cAndrew J. Hoffman. |
| 260 |
_aWashington, D.C. : _bIsland Press, _cc2000. |
||
| 300 |
_axviii, 301 p. : _bill. ; _c26 cm. |
||
| 504 | _aIncludes bibliographical references and index. | ||
| 650 | 0 |
_aIndustrial management _xEnvironmental aspects _xUnited States. |
|
| 650 | 0 |
_aStrategic planning _xEnvironmental aspects _xUnited States. |
|
| 650 | 0 |
_aEnvironmental policy _zUnited States. |
|
| 856 | 4 |
_3Table of Contents _uhttp://lcweb.loc.gov/catdir/toc/00008012.html |
|
| 856 | 4 | 2 |
_3Publisher description _uhttp://www.loc.gov/catdir/enhancements/fy0666/00008012-d.html |
| 999 |
_c11160 _d11160 |
||